00818nam a22002055i 4500001000700000003000900007005001700016008004100033020001800074080003600092100004100128245017500169260007100344300003900415490002700454504003200481651005000513830002700563852002200590177251ES-MaACL20230906220304.0110310s2002 sp ao |||| | spa d a84-95011-38-7 a903(460.27 Alcalá de Henares)1 aMacarro Rodríguez, José Antonio.13aLa Alcalá prehistórica b: el poblado de la Edad del Bronce de "La Dehesa" : _ circa duo milia annorum ante Complutum conditum / cJosé Antonio Macarro Rodríguez. aAlcalá de Henares : bFundación Colegio del Rey, cD. L. 2002. a330 p. : bil. bl. y n. ; c21 cm.1 aAlcalá-Ensayo ; v18 aBibliografía: p. 279-321. 4aAlcalá de Henares-xRestos arqueológicos.0 aAlcalá-Ensayo ; v18 aES-MaACLjE-14659